Frères et sœurs célèbres - Clic Quiz - Statistiques

Statistiques générales
  • Ce quiz a été pris 803 fois
  • Le résultat moyen est 14 sur 20
Statistiques - réponses
Hint Réponse % Correct
Laure Manaudou Florent
93%
Gims Dadju
91%
Prince William Harry
90%
Alexandra Lamy Audrey
87%
Kim Kardashian Khloé
87%
Roméo Elvis Angèle
82%
Alexis Lebrun Félix
80%
Lucas Hernandez Théo
80%
Michael Jackson Janet
79%
Serena Williams Venus
79%
Grichka Bogdanoff Igor
78%
Luka Karabatic Nikola
74%
Gigi Hadid Bella
70%
Simon Astier Alexandre
68%
Auguste Lumière Louis
68%
Penelope Cruz Monica
62%
Gad Elmaleh Arié
47%
Alain-Fabien Delon Anouchka
46%
Vanessa Paradis Alysson
42%
Kylie Minogue Dannii
34%
Aucun quiz correspondant
Distribution des résultats
% des personnes avec chaque résultat
Percentile par nombre de réponses
Votre historique - résultats
Vous n’avez pas pris ce quiz